Devlet (Record no. 10190)

MARC details
000 -BAŞLIK
Sabit Uzunlukta Kontrol Alanı 00799na a2200277 4500
001 - KONTROL NUMARASI
Denetim Alanı 14587
003 - KONTROL NUMARASI IDENTIFIER
Denetim Alanı MIRAKIL
005 - SON İŞLEM TARİHİ VE ZAMANI
Denetim Alanı 20181213155310.0
008 - SABİT-BOY VERİ ELEMANLARI - GENEL BİLGİLER
Sabit Uzunlukta Kontrol Alanı 160829b tu 000 0
020 ## - ULUSLARARASI STANDART KİTAP NUMARASI
Uluslararası Standart Kitap Numarası 9756176870
035 ## - SİSTEM KONTROL NUMARASI
Sistem Kontrol Numarası 14587
040 ## - KATALOGLAMA KAYNAK
Orijinal Kataloglama Ajansı Milas
Kataloglama Dili tur
Metne Dönüştürmek Ajansı TR-AnCHP
082 ## - DEWEY ONLU SINIFLANDIRMA NUMARASI
Sınıflandırma Numarası 320.1
Ürün Numarası P63d 2007
090 ## - SINIFLAMA NUMARASI
Sınıflama Numarası 320.1 P63d 2007
100 ## - ANA GİRİŞ - KİŞİSEL İSİM
Kişisel Ad Poggi, Gıanfranco
245 ## - BAŞLIK TABLOSU
Başlık Devlet
Başlığın Kalan doğası, gelişimi ve geleceği
Sorumluluk Tablosu, Vb Gianfranco Poggi ; çeviren Aysun Babacan
260 ## - YAYIN, DAĞITIM, VB
Yayın, Dağıtım, Vb Yeri İstanbul
Yayıncı, Dağıtıcı, Vs Adı İstanbul Bilgi Üniversitesi Yayınları
Yayın, Dağıtım, Vb Tarihi 2007
300 ## - FİZİKSEL TANIM
Kapsam 276 s.
Boyutlar 23 sm.
490 ## - SERİSİ TABLOSU
Seri Beyanı İstanbul Bilgi Üniversitesi yayınları
Hacim / Ardışık Tanımı 164
490 ## - SERİSİ TABLOSU
Seri Beyanı Sosyoloji
Hacim / Ardışık Tanımı 5
500 ## - GENEL NOT
Genel Not Dizin var.
650 ## - KONU KATMA GİRİŞ - TOPİKAL DÖNEM
Topikal Süreli Veya Coğrafi Ad Giriş Elemanı Devlet
Genel Alt Bölümü Tarih
650 ## - KONU KATMA GİRİŞ - TOPİKAL DÖNEM
Topikal Süreli Veya Coğrafi Ad Giriş Elemanı Demokrasi
700 ## - KATMA GİRİŞ - KİŞİSEL İSİM
Kişisel Ad Babacan, Aysun
942 ## - EKLENDİ GİRİŞ ELEMANLARI (KOHA)
Sınıflandırma Veya Raf Düzeni Kaynak Dewey Decimal Classification
Koha Öğesi Türü Books
999 ## - SİSTEM KONTROL NUMARALARI (KOHA)
Koha Biblionumber 10190
Koha Biblioitemnumber 10190
Holdings
Kalıcı Konum Mevcut Konum Edinme Tarihi Edinim Kaynak Toplam Check-Out'Lar Tam Çağrı Numarası Barkod Tarih Son Görülme İtibaren Geçerli Fiyatlar Koha Öğesi Türü
CHP Kütüphanesi CHP Kütüphanesi 08/29/2016 Bağış   320.1 P63d 2007 002712 08/29/2016 08/29/2016 Books